| 000 | 00774cam a2200217 i 4500 | ||
|---|---|---|---|
| 001 | 191134 | ||
| 003 | ES-MaACL | ||
| 005 | 20230906223936.0 | ||
| 008 | 220914d2002 us 00010 spa d | ||
| 020 | _a1564090221 | ||
| 040 | _aUAM.PS | ||
| 080 | _a(058)"1998" | ||
| 245 | 0 | 0 |
_aLibro del año 1998 : _bresumen ilustrado de actualización con los principales acontecimientos de 1997, para las obras en español de Encyclopaedia Britannica Publishers, Inc. |
| 260 |
_aMexico : _bEncyclopaedia Britannica publishers, inc., _ccop. 1998. |
||
| 300 |
_a416 p. : _bil. ; _c29 cm. |
||
| 655 | 7 |
_2tgfbne _9226822 _aAnuarios |
|
| 700 | 0 |
_aEncyclopaedia Britannica. _9226236 |
|
| 852 |
_aES-MaACL _j ANU 058 lib "1998" |
||
| 942 | _2udc | ||
| 999 |
_c191134 _d191134 |
||